|
|
|
|
| LEADER |
00000nam0a2200000 4500 |
| 001 |
334138 |
| 005 |
20231102004626.0 |
| 010 |
|
|
|a 5520002711
|
| 035 |
|
|
|a (RuTPU)RU\TPU\book\360158
|
| 035 |
|
|
|a RU\TPU\book\360139
|
| 090 |
|
|
|a 334138
|
| 100 |
|
|
|a 20170711d1978 k y0rusy50 ca
|
| 101 |
0 |
|
|a rus
|
| 102 |
|
|
|a GE
|
| 105 |
|
|
|a a z 001zy
|
| 200 |
1 |
|
|a Тектоника и история формирования локского кристаллического выступа
|f О. Д. Хуцишвили
|g Академия наук Грузинской ССР (АН ГрузССР)
|
| 210 |
|
|
|a Тбилиси
|c Мецниереба
|d 1978
|
| 215 |
|
|
|a 64 с.
|c ил.
|
| 225 |
1 |
|
|a Труды Геологического института АН ГрузССР. Новая серия
|h Вып. 60
|
| 320 |
|
|
|a Библиогр.: с. 60-63
|
| 606 |
1 |
|
|a Платформы
|x (геология)
|2 stltpush
|3 (RuTPU)RU\TPU\subj\49207
|9 68010
|
| 610 |
1 |
|
|a геология
|
| 610 |
1 |
|
|a складчатая структура
|
| 610 |
1 |
|
|a Северо-Западный Кавказ
|
| 610 |
1 |
|
|a формирование
|
| 610 |
1 |
|
|a стратиграфия
|
| 610 |
1 |
|
|a кливаж
|
| 610 |
1 |
|
|a механизмы
|
| 610 |
1 |
|
|a тектоника
|
| 675 |
|
|
|a 551.243.31
|v 3
|
| 700 |
|
1 |
|a Хуцишвили
|b О. Д.
|g Омар Давыдович
|
| 712 |
0 |
2 |
|a Академия наук Грузинской ССР (АН ГрузССР)
|2 stltpush
|3 (RuTPU)RU\TPU\col\6041
|
| 801 |
|
1 |
|a RU
|b 63413507
|c 20070730
|g PSBO
|
| 801 |
|
2 |
|a RU
|b 63413507
|c 20170717
|g PSBO
|
| 942 |
|
|
|c BK
|